Quantitative methods for business decisions : with cases /
This book provides a complete and modern treatment of basic management science methodology.
Guardat en:
| Autor principal: | |
|---|---|
| Format: | Llibre |
| Idioma: | English |
| Publicat: |
Fort Worth :
The Dryden Press,
1994.
|
| Edició: | 6th ed. |
| Matèries: | |
| Etiquetes: |
Afegir etiqueta
Sense etiquetes, Sigues el primer a etiquetar aquest registre!
|
| Thư viện lưu trữ: | Mạng thư viện Đại học Đà Nẵng |
|---|
| LEADER | 01253cam a2200421 i 4500 | ||
|---|---|---|---|
| 001 | 000047731 | ||
| 003 | 7424 | ||
| 005 | 20030314090029.0 | ||
| 008 | 010321|1994 vm 000 eng | ||
| 020 | |a 0030969166 | ||
| 040 | |a IRC |c IRC |d IRC | ||
| 041 | 0 | |a eng | |
| 082 | 1 | 4 | |a 658.4033 |b LA-L |
| 100 | 1 | |a Lapin, Lawrence L. | |
| 245 | 0 | 0 | |a Quantitative methods for business decisions : |b with cases / |c Lawrence L. Lapin. |
| 250 | |a 6th ed. | ||
| 260 | |a Fort Worth : |b The Dryden Press, |c 1994. | ||
| 300 | |a xx, 1250 p. : |b ill. ; |c 25.5cm. | ||
| 520 | 3 | |a This book provides a complete and modern treatment of basic management science methodology. | |
| 630 | 0 | 4 | |a Computer programs. |
| 630 | 0 | 4 | |a Mathematical models. |
| 630 | 0 | 4 | |a Decision making. |
| 630 | 0 | 4 | |a QuickQuant. |
| 650 | 0 | 4 | |a QuickQuant. |
| 650 | 0 | 4 | |a Statistical decision. |
| 650 | 0 | 4 | |a Decision making |x Mathematical models |x Computer programs. |
| 650 | 0 | 4 | |a Operations research. |
| 650 | 0 | 4 | |a Decision making |x Mathematical models. |
| OWN | |a DUT | ||
| 999 | |a From the UDN01 | ||
| TYP | |a Monograph | ||
| TYP | |a Printed language | ||
| 980 | |a Mạng thư viện Đại học Đà Nẵng | ||


